00381 2200157 4500001002100000005001500021035002000036245004100056100001600097300002600113260002800139082000800167084001400175020002200189990001200211INLIS00000000000295420250917112946 a0010-09250003011 aTears Spring In Korea /cDwi Andhika0 aDwi Andhika a212 hlm ;c13 x 19 cm aJakarta :bZettu,c2012 a813 a813 DWI t a978-602-7735-12-5 a0755679